<?xml version="1.0" encoding="UTF-8"?><?xml-stylesheet type="text/xsl" href="static/style.xsl"?><OAI-PMH xmlns="http://www.openarchives.org/OAI/2.0/" xmlns:xsi="http://www.w3.org/2001/XMLSchema-instance" xsi:schemaLocation="http://www.openarchives.org/OAI/2.0/ http://www.openarchives.org/OAI/2.0/OAI-PMH.xsd"><responseDate>2026-04-17T12:08:08Z</responseDate><request verb="GetRecord" identifier="oai:www.recercat.cat:20.500.14342/3652" metadataPrefix="marc">https://recercat.cat/oai/request</request><GetRecord><record><header><identifier>oai:recercat.cat:20.500.14342/3652</identifier><datestamp>2025-03-11T12:45:53Z</datestamp><setSpec>com_2072_482405</setSpec><setSpec>com_2072_183628</setSpec><setSpec>col_2072_482410</setSpec></header><metadata><record xmlns="http://www.loc.gov/MARC21/slim" xmlns:dcterms="http://purl.org/dc/terms/" xmlns:xsi="http://www.w3.org/2001/XMLSchema-instance" xmlns:doc="http://www.lyncode.com/xoai" xsi:schemaLocation="http://www.loc.gov/MARC21/slim http://www.loc.gov/standards/marcxml/schema/MARC21slim.xsd">
   <leader>00925njm 22002777a 4500</leader>
   <datafield ind2=" " ind1=" " tag="042">
      <subfield code="a">dc</subfield>
   </datafield>
   <datafield ind2=" " ind1=" " tag="720">
      <subfield code="a">Sintes-Olivella, Marçal</subfield>
      <subfield code="e">author</subfield>
   </datafield>
   <datafield ind2=" " ind1=" " tag="720">
      <subfield code="a">Fondevila-Gascón, Joan-Francesc</subfield>
      <subfield code="e">author</subfield>
   </datafield>
   <datafield ind2=" " ind1=" " tag="720">
      <subfield code="a">Berbel Giménez, Gaspar</subfield>
      <subfield code="e">author</subfield>
   </datafield>
   <datafield ind2=" " ind1=" " tag="260">
      <subfield code="c">2023</subfield>
   </datafield>
   <datafield ind2=" " ind1=" " tag="520">
      <subfield code="a">La teoría de la exposición selectiva sostiene que los individuos tienden&#xd;
a informarse a través de aquellos medios que coinciden con sus&#xd;
convicciones. La presente investigación examina la exposición selectiva&#xd;
cuando el debate público se sitúa en el campo de la tensión entre&#xd;
identidades nacionales y, en este caso concreto, en el debate entre los&#xd;
partidarios de la independencia de Cataluña y los contrarios a ella. Los&#xd;
resultados muestran que en Cataluña existe una fuerte correlación entre&#xd;
la postura sobre la independencia y la elección de canal televisivo. Otro&#xd;
factor determinante es la lengua. Asimismo, se apunta que el grado de&#xd;
exposición selectiva se intensificó levemente en aquellos momentos de&#xd;
mayor polarización social a lo largo del periodo estudiado (2015-2020).</subfield>
   </datafield>
   <datafield ind2=" " ind1=" " tag="520">
      <subfield code="a">The theory of selective exposure maintains that individuals tend to&#xd;
choose news media outlets that are consistent with their beliefs. This&#xd;
paper examines selective exposure when there is public debate on the&#xd;
tensions between national identities, specifically, the debate between&#xd;
supporters of the independence of Catalonia and those opposed to it.&#xd;
The results showed that there was a strong correlation between position&#xd;
on independence and choice of television channel in Catalonia. Another&#xd;
determining factor was language. It was also noted that the degree&#xd;
of selective exposure intensified slightly at specific times when social&#xd;
polarisation increased throughout the period studied (2015-2020).</subfield>
   </datafield>
   <datafield ind1="8" ind2=" " tag="024">
      <subfield code="a">http://hdl.handle.net/20.500.14342/3652</subfield>
   </datafield>
   <datafield ind1="8" ind2=" " tag="024">
      <subfield code="a">https://doi.org/10.5477/cis/reis.181.101</subfield>
   </datafield>
   <datafield tag="653" ind2=" " ind1=" ">
      <subfield code="a">Separatisme</subfield>
   </datafield>
   <datafield tag="653" ind2=" " ind1=" ">
      <subfield code="a">Polarització (Ciències socials)</subfield>
   </datafield>
   <datafield tag="653" ind2=" " ind1=" ">
      <subfield code="a">Televisió</subfield>
   </datafield>
   <datafield ind2="0" ind1="0" tag="245">
      <subfield code="a">Televisión e independentismo en Cataluña. Exposición selectiva de los televidentes catalanes durante el proceso independentista (2015-2020)</subfield>
   </datafield>
</record></metadata></record></GetRecord></OAI-PMH>